000 00735nam a22001577a 4500
003 OSt
005 20150926163701.0
008 150926b xxu||||| |||| 00| 0 eng d
040 _cRUA
082 _aAGR SEN 2013 B057 Or.1
100 _91394
_aSENG, SOVANTARA.
245 _aEffective of weed management on sawing rice IR 66 variety in prateah lang soil condition in dry season ប្រសិទ្ធភាពនៃការគ្រប់គ្រងស្មៅទៅលើស្រូវពង្រោះពូជ អ៊ីអ៊ែរ ៦៦ នៅរដូវប្រាំងលក្ខខ័ណ្ឌដីប្រទះឡាង
260 _aPhnom Penh
_bRUA
_c2013
300 _aix; 43p.
_bill.
_c29cm.
942 _2ddc
_cAGR
999 _c1308
_d1308